Documento de buenas prácticas para la teleconsulta : (Record no. 10920)

MARC details
000 -LEADER
fixed length control field 00680nam a22001697a 4500
007 - PHYSICAL DESCRIPTION FIXED FIELD--GENERAL INFORMATION
fixed length control field cr
008 - FIXED-LENGTH DATA ELEMENTS--GENERAL INFORMATION
fixed length control field 250508b ||||| |||| 00| 0 spa d
040 ## - CATALOGING SOURCE
Original cataloging agency AR-FvUNAJ
Modifying agency AR-FvUNAJ
Description conventions aacr2
110 2# - MAIN ENTRY--CORPORATE NAME
9 (RLIN) 21471
Corporate name or jurisdiction name as entry element Argentina.
Subordinate unit Ministerio de Salud.
-- Secretaría de Equidad
245 10 - TITLE STATEMENT
Title Documento de buenas prácticas para la teleconsulta :
Remainder of title teleconsulta con el/la paciente /
Statement of responsibility, etc Secretaría de Equidad.
260 ## - PUBLICATION, DISTRIBUTION, ETC. (IMPRINT)
Place of publication, distribution, etc Buenos Aires :
Name of publisher, distributor, etc s.d.,
Date of publication, distribution, etc 2021.
300 ## - PHYSICAL DESCRIPTION
Extent 22 p.
650 #0 - SUBJECT ADDED ENTRY--TOPICAL TERM
Source of heading or term dcs
9 (RLIN) 12312
Topical term or geographic name as entry element TELEMEDICINA
856 ## - ELECTRONIC LOCATION AND ACCESS
Uniform Resource Identifier <a href="https://servicios.infoleg.gob.ar/infolegInternet/anexos/360000-364999/362465/res581.pdf">https://servicios.infoleg.gob.ar/infolegInternet/anexos/360000-364999/362465/res581.pdf</a>
942 ## - ADDED ENTRY ELEMENTS (KOHA)
Source of classification or shelving scheme Dewey Decimal Classification
Item type Libro electrónico
980 ## - EQUIVALENCE OR CROSS-REFERENCE-SERIES STATEMENT--PERSONAL NAME/TITLE [LOCAL, CANADA]
Linkage 2
Personal name Virginia Figueroa
Field link and sequence number 2
Miscellaneous information Virginia Figueroa
Holdings
Withdrawn status Lost status Source of classification or shelving scheme Damaged status Not for loan Collection code Home library Current library Date acquired Total Checkouts Date last seen Uniform Resource Identifier Price effective from Koha item type
    Dewey Decimal Classification   Acceso en línea Recursos en Línea Biblioteca Central Biblioteca Central 08/05/2025   08/05/2025 https://servicios.infoleg.gob.ar/infolegInternet/anexos/360000-364999/362465/res581.pdf 08/05/2025 Libro electrónico

Lunes a Viernes 8:30 a 19:00 hs. Cerrado por mudanza
Av.Calchaqui 6200 Florencio Varela (CP188) 2°piso Edificio Mosconi Aula 209-210
Mail: bibliotecacentralunaj@gmail.com  
Whatsapp(54 9)1122668024    ❔Pregunte a la bibliotecaria
© Universidad Nacional Arturo Jauretche | Secretaría Académica | Biblioteca Central UNAJ